000 00653nam a2200217 4500
001 131370
003 ES-MaACL
005 20230906193952.0
007 t|
008 070214s1973 sp r ||||1| spa d
020 _a84-300-5812-5
080 _a972.91"19"
100 1 _aRobreño, Jorge.
_997962
245 1 3 _aLa verdad aunque severa :
_bCuba, 1902-1972 /
_cJorge Robreño.
260 _aBarcelona :
_bTecnisa,
_c1973.
300 _a144 p., 16 lám. ;
_c24 cm.
651 4 _aCuba-
_xHistoria-
_y1902-1933.
_9155981
651 4 _aCuba-
_xHistoria-
_y1933-1959.
_98097
651 4 _aCuba-
_xHistoria-
_y1959-1989.
_9172961
852 _aES-MaACL
_jC-53285
999 _c131370
_d131370